Statistics for Afghanistan Quiz

Click here to take the quiz!

General Stats

  • This quiz has been taken 41 times
  • The average score is 3 of 5

Answer Stats

HintAnswer% Correct
Capital of AfghanistanKabul
94%
Color that stayed on the Afghan flagBlack
89%
When Afghanistan gained independence1919
40%
Name six countries Afghanistan borders ( in alphabetical)China,Iran,Pakistan,Tajikistan,Turkmenistan,Uzbekistan
23%
Colonizer of AfghanistanBritish Empire
6%

Score Distribution

Percentile by Number Answered

Percent of People with Each Score

Your Score History

You have not taken this quiz